[Event "Open Praha 2018 - A"]
[Site "?"]
[Date "2018.01.18"]
[Round "8"]
[White "Kalegin, Evgenij"]
[Black "Lee, Qing Aun"]
[Result "1-0"]
[BlackElo "2277"]
[WhiteElo "2426"]
[LiveChessVersion "1.4.8"]

1. e4 {[%clk 1:30:56]} c5 {[%clk 1:30:00]} 2. Nf3 {[%clk 1:31:19]} e6
{[%clk 1:30:14]} 3. g3 {[%clk 1:31:38]} Nc6 {[%clk 1:30:26]} 4. Bg2
{[%clk 1:31:49]} g5 {[%clk 1:30:46]} 5. h3 {[%clk 1:28:47]} Bg7 {[%clk 1:30:38]}
6. c3 {[%clk 1:27:46]} h6 {[%clk 1:30:49]} 7. O-O {[%clk 1:25:51]} Nge7
{[%clk 1:29:00]} 8. d4 {[%clk 1:25:19]} cxd4 {[%clk 1:28:36]} 9. cxd4
{[%clk 1:25:44]} d5 {[%clk 1:26:54]} 10. e5 {[%clk 1:25:35]} f6 {[%clk 1:25:36]}
11. exf6 {[%clk 1:24:09]} Bxf6 {[%clk 1:25:59]} 12. Nc3 {[%clk 1:16:35]} O-O
{[%clk 1:26:06]} 13. b3 {[%clk 1:08:46]} Nf5 {[%clk 1:13:58]} 14. Ne2
{[%clk 1:08:53]} Bd7 {[%clk 1:12:40]} 15. g4 {[%clk 1:03:33]} Nfe7
{[%clk 1:11:06]} 16. Ng3 {[%clk 1:03:30]} Be8 {[%clk 1:11:04]} 17. Be3
{[%clk 0:51:48]} Ng6 {[%clk 1:07:24]} 18. Nh5 {[%clk 0:51:49]} Be7
{[%clk 1:07:37]} 19. Re1 {[%clk 0:43:42]} Qd7 {[%clk 1:02:27]} 20. Rc1
{[%clk 0:42:43]} Ba3 {[%clk 0:51:27]} 21. Rc2 {[%clk 0:42:36]} Nf4
{[%clk 0:51:14]} 22. Nxf4 {[%clk 0:34:54]} gxf4 {[%clk 0:51:35]} 23. Bc1
{[%clk 0:34:57]} Bb4 {[%clk 0:45:38]} 24. Bd2 {[%clk 0:34:01]} Bxd2
{[%clk 0:45:57]} 25. Rxd2 {[%clk 0:33:15]} Bg6 {[%clk 0:45:48]} 26. Ne5
{[%clk 0:30:13]} Nxe5 {[%clk 0:42:52]} 27. Rxe5 {[%clk 0:29:31]} Rac8
{[%clk 0:42:11]} 28. Bf1 {[%clk 0:23:45]} Rc3 {[%clk 0:35:06]} 29. Bd3
{[%clk 0:23:35]} Qh7 {[%clk 0:34:06]} 30. Bxg6 {[%clk 0:20:30]} Qxg6
{[%clk 0:34:35]} 31. Qf1 {[%clk 0:16:47]} Rfc8 {[%clk 0:33:47]} 32. Rd1
{[%clk 0:14:40]} a6 {[%clk 0:27:24]} 33. Rde1 {[%clk 0:14:02]} R8c6
{[%clk 0:26:44]} 34. Qe2 {[%clk 0:12:06]} Rc1 {[%clk 0:20:38]} 35. Rxc1
{[%clk 0:07:56]} Rxc1+ {[%clk 0:21:06]} 36. Kg2 {[%clk 0:08:07]} Rc2
{[%clk 0:15:50]} 37. Qf3 {[%clk 0:08:10]} Qf6 {[%clk 0:14:58]} 38. h4
{[%clk 0:06:30]} Rc7 {[%clk 0:11:14]} 39. g5 {[%clk 0:05:26]} Rg7
{[%clk 0:09:39]} 40. Qg4 {[%clk 0:05:02]} Kf7 {[%clk 0:07:24]} 41. f3
{[%clk 0:00:48]} hxg5 {[%clk 0:05:32]} 42. hxg5 {[%clk 0:01:12]} Qg6
{[%clk 0:05:08]} 43. Qxf4+ {[%clk 0:01:26]} Kg8 {[%clk 0:05:14]} 44. Qg4
{[%clk 0:00:32]} Re7 {[%clk 0:01:00]} 45. f4 {[%clk 0:23:20]} Kf7
{[%clk 0:14:34]} 46. f5 {[%clk 0:10:04]} exf5 {[%clk 0:14:47]} 47. Qxf5+
{[%clk 0:06:52]} Qxf5 {[%clk 0:15:06]} 48. Rxf5+ {[%clk 0:07:20]} Kg6
{[%clk 0:15:30]} 49. Rxd5 {[%clk 0:07:44]} Re2+ {[%clk 0:15:54]} 50. Kf3
{[%clk 0:08:11]} Rxa2 {[%clk 0:16:16]} 51. Ke4 {[%clk 0:07:47]} Rb2
{[%clk 0:07:25]} 52. Rd6+ {[%clk 0:07:54]} Kxg5 {[%clk 0:07:35]} 53. Rb6
{[%clk 0:08:19]} a5 {[%clk 0:07:29]} 54. Rxb7 {[%clk 0:08:34]} Kf6
{[%clk 0:07:41]} 55. Kd3 {[%clk 0:04:02]} Ke6 {[%clk 0:05:48]} 56. Rb5
{[%clk 0:02:25]} Kd6 {[%clk 0:04:53]} 57. Kc3 {[%clk 0:02:45]} Ra2
{[%clk 0:05:10]} 58. Rc5 {[%clk 0:03:11]} Ra1 {[%clk 0:02:46]} 59. Rc4
{[%clk 0:02:33]} Kd5 {[%clk 0:03:02]} 60. Ra4 {[%clk 0:02:31]} Rc1+
{[%clk 0:01:37]} 61. Kb2 {[%clk 0:02:32]} Rc8 {[%clk 0:01:52]} 62. Rxa5+
{[%clk 0:02:50]} Kxd4 {[%clk 0:02:21]} 63. Ka3 {[%clk 0:02:33]} Kc3
{[%clk 0:01:57]} 64. b4 {[%clk 0:02:32]} Kc4 {[%clk 0:02:07]} 65. Ka4
{[%clk 0:02:40]} Rh8 {[%clk 0:01:05]} 66. Rc5+ {[%clk 0:02:58]} Kd4
{[%clk 0:01:34]} 67. Rc6 {[%clk 0:03:02]} Kd5 {[%clk 0:01:10]} 68. b5
{[%clk 0:03:24]} Ra8+ {[%clk 0:01:08]} 69. Kb4 {[%clk 0:03:50]} Ra1
{[%clk 0:01:34]} 70. Rc2 {[%clk 0:04:04]} Kd6 {[%clk 0:01:24]} 71. b6
{[%clk 0:04:19]} Rb1+ {[%clk 0:00:34]} 72. Ka5 {[%clk 0:04:44]} Ra1+
{[%clk 0:00:38]} 73. Kb5 {[%clk 0:05:09]} Kd7 {[%clk 0:00:32]} 74. b7
{[%clk 0:05:31]} Rb1+ {[%clk 0:00:57]} 75. Ka6 {[%clk 0:05:58]} Ra1+
{[%clk 0:00:36]} 76. Kb6 {[%clk 0:06:25]} Rb1+ {[%clk 0:00:31]} 77. Ka7
{[%clk 0:06:51]} Ra1+ {[%clk 0:00:46]} 78. Kb8 {[%clk 0:07:16]} Rh1
{[%clk 0:00:42]} 79. Ra2 {[%clk 0:07:29]} Rb1 {[%clk 0:00:33]} 80. Ka8
{[%clk 0:07:49]} Kc7 {[%clk 0:00:33]} 81. Rc2+ {[%clk 0:08:09]} Kd7
{[%clk 0:00:51]} 82. b8=Q {[%clk 0:08:30]} Ra1+ {[%clk 0:01:16]} 83. Qa7+
{[%clk 0:08:54]} 1-0

[Event "Open Praha 2018 - A"]
[Site "?"]
[Date "2018.01.18"]
[Round "8"]
[White "Lalic, Bogdan"]
[Black "Makoveev, Ilia"]
[Result "1/2-1/2"]
[BlackElo "2196"]
[WhiteElo "2415"]
[LiveChessVersion "1.4.8"]

1. c4 Nf6 2. Nc3 d5 3. cxd5 Nxd5 4. g3 g6 5. Bg2 Nb6 6. d3 Bg7 7. Be3 O-O 8. Qd2
N8d7 9. Bh6 Nf6 10. Nf3 c6 11. Bxg7 Kxg7 12. b4 Qd6 13. Rb1 e5 14. O-O Re8 15.
Qb2 Bf5 16. h3 Rad8 17. Rfd1 Nbd5 18. e4 Nxc3 19. Qxc3 Bc8 20. Rd2 b6 21. Re1 c5
22. bxc5 Qxc5 23. Qxc5 bxc5 24. Rc1 Ba6 25. Rxc5 Bxd3 26. Rxe5 1/2-1/2

[Event "Open Praha 2018 - A"]
[Site "?"]
[Date "2018.01.18"]
[Round "8"]
[White "Michalczak, Thomas"]
[Black "Szpar, Milosz"]
[Result "1/2-1/2"]
[BlackElo "2367"]
[WhiteElo "2208"]
[LiveChessVersion "1.4.8"]

1. e4 {[%clk 1:28:16]} d6 {[%clk 1:30:48]} 2. d4 {[%clk 1:28:40]} Nf6
{[%clk 1:31:12]} 3. Nc3 {[%clk 1:29:05]} e5 {[%clk 1:31:37]} 4. Nf3
{[%clk 1:29:30]} Nbd7 {[%clk 1:32:01]} 5. Bc4 {[%clk 1:29:55]} Be7
{[%clk 1:32:16]} 6. O-O {[%clk 1:30:18]} O-O {[%clk 1:32:42]} 7. a4
{[%clk 1:30:44]} c6 {[%clk 1:32:50]} 8. Re1 {[%clk 1:31:08]} b6 {[%clk 1:32:42]}
9. Ba2 {[%clk 1:31:32]} a6 {[%clk 1:32:32]} 10. h3 {[%clk 1:31:57]} Bb7
{[%clk 1:31:46]} 11. dxe5 {[%clk 1:32:11]} dxe5 {[%clk 1:29:11]} 12. Nh4
{[%clk 1:32:34]} Nc5 {[%clk 0:51:53]} 13. Qf3 {[%clk 1:32:39]} Ne6
{[%clk 0:37:42]} 14. Nf5 {[%clk 1:31:27]} Qc7 {[%clk 0:31:32]} 15. Qg3
{[%clk 1:30:08]} Bd8 {[%clk 0:29:56]} 16. Bh6 {[%clk 1:26:04]} Nh5
{[%clk 0:27:50]} 17. Qf3 {[%clk 1:26:15]} Nhf4 {[%clk 0:26:37]} 18. Qg4
{[%clk 1:22:45]} Bf6 {[%clk 0:25:20]} 19. h4 {[%clk 0:50:55]} Kh8
{[%clk 0:24:04]} 20. Bg5 {[%clk 0:50:56]} h5 {[%clk 0:21:25]} 21. Qg3
{[%clk 0:48:22]} Bxg5 {[%clk 0:21:36]} 22. hxg5 {[%clk 0:48:38]} g6
{[%clk 0:20:58]} 23. Qh4 {[%clk 0:41:31]} Qd8 {[%clk 0:19:13]} 24. Rad1
{[%clk 0:41:43]} Qxg5 {[%clk 0:18:54]} 25. Qxg5 {[%clk 0:42:01]} Nxg5
{[%clk 0:19:18]} 26. Nd6 {[%clk 0:42:26]} Bc8 {[%clk 0:17:24]} 27. Nc4
{[%clk 0:41:58]} 1/2-1/2

[Event "Open Praha 2018 - A"]
[Site "?"]
[Date "2018.01.18"]
[Round "8"]
[White "Utiatskaja, Irina"]
[Black "Thakur, Akash"]
[Result "0-1"]
[BlackElo "2338"]
[WhiteElo "2164"]
[LiveChessVersion "1.4.8"]

1. e4 {[%clk 1:30:54]} e5 {[%clk 1:30:50]} 2. Nf3 {[%clk 1:31:19]} Nc6
{[%clk 1:31:12]} 3. Nc3 {[%clk 1:31:35]} Nf6 {[%clk 1:31:09]} 4. Bb5
{[%clk 1:31:48]} Bd6 {[%clk 1:28:07]} 5. d3 {[%clk 1:31:40]} h6 {[%clk 1:27:57]}
6. a3 {[%clk 1:32:02]} O-O {[%clk 1:27:38]} 7. g4 {[%clk 1:30:05]} Nh7
{[%clk 1:08:23]} 8. Be3 {[%clk 1:18:15]} a6 {[%clk 1:07:28]} 9. Bc4
{[%clk 1:18:27]} b5 {[%clk 1:07:14]} 10. Ba2 {[%clk 1:14:57]} b4 {[%clk 0:56:08]}
11. axb4 {[%clk 1:15:21]} Nxb4 {[%clk 0:56:27]} 12. Bb3 {[%clk 1:15:47]} Qe7
{[%clk 0:55:51]} 13. h4 {[%clk 1:15:37]} Bc5 {[%clk 0:47:23]} 14. g5
{[%clk 1:03:01]} Bxe3 {[%clk 0:47:33]} 15. fxe3 {[%clk 1:03:28]} Kh8
{[%clk 0:46:10]} 16. gxh6 {[%clk 0:49:09]} gxh6 {[%clk 0:46:26]} 17. Qe2
{[%clk 0:46:37]} d6 {[%clk 0:46:22]} 18. Kd2 {[%clk 0:44:04]} Be6
{[%clk 0:43:54]} 19. Bxe6 {[%clk 0:30:24]} Qxe6 {[%clk 0:44:19]} 20. Ng5
{[%clk 0:22:02]} hxg5 {[%clk 0:27:16]} 21. hxg5 {[%clk 0:22:00]} Rg8
{[%clk 0:27:45]} 22. Rh6 {[%clk 0:22:11]} Rg6 {[%clk 0:27:27]} 23. Rah1
{[%clk 0:20:29]} Rxh6 {[%clk 0:27:34]} 24. Rxh6 {[%clk 0:20:55]} Qe8
{[%clk 0:27:27]} 25. Qh5 {[%clk 0:21:19]} Qg8 {[%clk 0:27:52]} 26. Ne2
{[%clk 0:16:36]} Re8 {[%clk 0:21:04]} 27. Ng3 {[%clk 0:16:47]} Nc6
{[%clk 0:21:21]} 28. c3 {[%clk 0:06:47]} Nd8 {[%clk 0:21:18]} 29. Nf5
{[%clk 0:05:40]} Re6 {[%clk 0:21:06]} 30. d4 {[%clk 0:02:59]} Rxh6
{[%clk 0:20:46]} 31. gxh6 {[%clk 0:02:59]} Qg2+ {[%clk 0:21:09]} 32. Kd3
{[%clk 0:03:18]} Qxe4+ {[%clk 0:21:02]} 33. Kxe4 {[%clk 0:03:17]} Nf6+
{[%clk 0:21:28]} 34. Kf3 {[%clk 0:03:44]} Nxh5 {[%clk 0:21:54]} 35. dxe5
{[%clk 0:04:11]} dxe5 {[%clk 0:20:05]} 36. Ke4 {[%clk 0:04:33]} Nf6+
{[%clk 0:15:58]} 37. Kxe5 {[%clk 0:04:57]} Ng8 {[%clk 0:16:09]} 38. b4
{[%clk 0:04:16]} Kh7 {[%clk 0:16:21]} 39. c4 {[%clk 0:04:35]} Nxh6
{[%clk 0:16:14]} 40. Ne7 {[%clk 0:04:39]} Ng4+ {[%clk 0:11:15]} 41. Kf4
{[%clk 0:04:58]} Nf6 {[%clk 0:09:32]} 42. Kf5 {[%clk 0:05:03]} Kg7
{[%clk 0:08:52]} 43. e4 {[%clk 0:04:25]} Nd7 {[%clk 0:06:25]} 44. e5
{[%clk 0:01:32]} Kf8 {[%clk 0:04:41]} 45. Nc8 {[%clk 0:29:01]} Nb6
{[%clk 0:33:39]} 0-1

[Event "Open Praha 2018 - A"]
[Site "?"]
[Date "2018.01.18"]
[Round "8"]
[White "Neuman, Petr"]
[Black "Fedorov, Evgueny"]
[Result "1-0"]
[BlackElo "2241"]
[WhiteElo "2452"]
[LiveChessVersion "1.4.8"]

1. c4 {[%clk 1:27:33]} Nf6 {[%clk 1:30:58]} 2. Nc3 {[%clk 1:27:58]} c5
{[%clk 1:31:06]} 3. g3 {[%clk 1:28:21]} e6 {[%clk 1:31:32]} 4. Nf3
{[%clk 1:28:36]} b6 {[%clk 1:31:33]} 5. Bg2 {[%clk 1:28:59]} Bb7 {[%clk 1:31:59]}
6. O-O {[%clk 1:29:23]} d6 {[%clk 1:30:52]} 7. Re1 {[%clk 1:29:30]} Be7
{[%clk 1:28:53]} 8. e4 {[%clk 1:28:07]} a6 {[%clk 1:27:57]} 9. d4
{[%clk 1:28:30]} cxd4 {[%clk 1:28:21]} 10. Nxd4 {[%clk 1:28:55]} Qc7
{[%clk 1:28:13]} 11. Be3 {[%clk 1:29:00]} Nbd7 {[%clk 1:27:44]} 12. Rc1
{[%clk 1:28:49]} O-O {[%clk 1:27:53]} 13. f4 {[%clk 1:28:44]} Rac8
{[%clk 1:23:43]} 14. g4 {[%clk 1:28:29]} Nc5 {[%clk 1:11:02]} 15. Bf2
{[%clk 1:27:28]} g6 {[%clk 1:05:28]} 16. g5 {[%clk 1:17:26]} Nh5 {[%clk 1:04:02]}
17. Nde2 {[%clk 1:12:04]} e5 {[%clk 0:44:21]} 18. Nd5 {[%clk 1:01:43]} Bxd5
{[%clk 0:26:34]} 19. cxd5 {[%clk 1:00:29]} Qd8 {[%clk 0:22:04]} 20. h4
{[%clk 0:45:17]} exf4 {[%clk 0:16:44]} 21. Bf3 {[%clk 0:39:10]} Ng7
{[%clk 0:17:09]} 22. Nd4 {[%clk 0:33:10]} Bxg5 {[%clk 0:02:39]} 23. hxg5
{[%clk 0:32:30]} Qxg5+ {[%clk 0:03:07]} 24. Kf1 {[%clk 0:32:51]} Rce8
{[%clk 0:03:01]} 25. Qd2 {[%clk 0:31:04]} h5 {[%clk 0:02:04]} 26. Bg2
{[%clk 0:20:07]} Qh6 {[%clk 0:01:27]} 27. e5 {[%clk 0:16:21]} dxe5
{[%clk 0:01:14]} 28. Nc6 {[%clk 0:16:45]} Nf5 {[%clk 0:01:15]} 29. Bh3
{[%clk 0:15:56]} e4 {[%clk 0:00:58]} 30. Bxf5 {[%clk 0:15:43]} e3
{[%clk 0:01:00]} 31. Qd4 {[%clk 0:14:41]} gxf5 {[%clk 0:01:23]} 32. Bh4
{[%clk 0:15:07]} Re4 {[%clk 0:00:40]} 33. Qf6 {[%clk 0:15:27]} Qxf6
{[%clk 0:00:49]} 34. Bxf6 {[%clk 0:15:56]} Nd3 {[%clk 0:00:59]} 35. Ke2
{[%clk 0:15:08]} Nxc1+ {[%clk 0:01:18]} 36. Rxc1 {[%clk 0:15:37]} Kh7
{[%clk 0:00:53]} 37. Rg1 {[%clk 0:14:51]} f3+ {[%clk 0:00:42]} 38. Kxf3
{[%clk 0:14:51]} Rg8 {[%clk 0:00:47]} 39. Rxg8 {[%clk 0:14:57]} Kxg8
{[%clk 0:01:16]} 40. d6 {[%clk 0:15:01]} e2 {[%clk 0:01:44]} 41. Bc3
{[%clk 0:13:24]} e1=Q {[%clk 0:30:04]} 42. Bxe1 {[%clk 0:41:32]} Rxe1
{[%clk 0:29:49]} 43. d7 {[%clk 0:41:53]} Rd1 {[%clk 0:30:09]} 44. d8=Q+
{[%clk 0:42:19]} Rxd8 {[%clk 0:30:32]} 45. Nxd8 {[%clk 0:42:47]} Kg7
{[%clk 0:27:31]} 46. Nc6 {[%clk 0:41:06]} Kf6 {[%clk 0:17:28]} 47. Nb8
{[%clk 0:41:05]} Ke5 {[%clk 0:17:38]} 48. Nxa6 {[%clk 0:40:09]} h4
{[%clk 0:13:10]} 49. Nb4 {[%clk 0:39:54]} Kd4 {[%clk 0:11:48]} 50. Nc2+
{[%clk 0:39:16]} Kd3 {[%clk 0:11:08]} 51. Ne3 {[%clk 0:37:13]} h3
{[%clk 0:10:02]} 52. Nd5 {[%clk 0:35:25]} b5 {[%clk 0:01:46]} 53. b3
{[%clk 0:35:46]} Kd4 {[%clk 0:01:11]} 54. Nc7 {[%clk 0:35:58]} Kc5
{[%clk 0:01:36]} 55. Kg3 {[%clk 0:33:28]} Kc6 {[%clk 0:00:44]} 56. Nxb5
{[%clk 0:33:34]} Kxb5 {[%clk 0:00:41]} 57. Kxh3 {[%clk 0:33:59]} Kc5
{[%clk 0:00:54]} 58. Kg3 {[%clk 0:34:25]} 1-0

[Event "Open Praha 2018 - A"]
[Site "?"]
[Date "2018.01.18"]
[Round "8"]
[White "Ranaldi, Lucas"]
[Black "Smith, Bryan"]
[Result "1/2-1/2"]
[BlackElo "2439"]
[WhiteElo "2212"]
[LiveChessVersion "1.4.8"]

1. Nf3 {[%clk 1:25:36]} c5 {[%clk 1:28:53]} 2. c4 {[%clk 1:24:46]} Nc6
{[%clk 1:29:13]} 3. Nc3 {[%clk 1:24:47]} e5 {[%clk 1:28:37]} 4. g3
{[%clk 1:23:43]} g6 {[%clk 1:28:52]} 5. Bg2 {[%clk 1:24:06]} Bg7 {[%clk 1:29:13]}
6. O-O {[%clk 1:24:29]} d6 {[%clk 1:29:03]} 7. Ne1 {[%clk 1:19:32]} Be6
{[%clk 1:28:02]} 8. d3 {[%clk 1:19:54]} Nge7 {[%clk 1:28:05]} 9. Nc2
{[%clk 1:20:17]} O-O {[%clk 1:21:08]} 10. Ne3 {[%clk 1:19:43]} a6
{[%clk 1:20:46]} 11. Ned5 {[%clk 1:06:17]} Rb8 {[%clk 1:20:40]} 12. a4
{[%clk 1:02:55]} Nb4 {[%clk 1:09:10]} 13. Bg5 {[%clk 0:45:12]} f6
{[%clk 1:09:12]} 14. Bd2 {[%clk 0:45:36]} Nexd5 {[%clk 1:07:40]} 15. Nxd5
{[%clk 0:39:11]} a5 {[%clk 1:06:05]} 16. Bxb4 {[%clk 0:32:55]} cxb4
{[%clk 1:06:29]} 17. e3 {[%clk 0:32:14]} f5 {[%clk 1:04:44]} 18. Qc2
{[%clk 0:21:43]} h5 {[%clk 1:02:20]} 19. h4 {[%clk 0:12:21]} g5 {[%clk 0:58:16]}
20. Qe2 {[%clk 0:12:50]} g4 {[%clk 0:42:18]} 21. f4 {[%clk 0:11:34]} Re8
{[%clk 0:37:07]} 22. Qc2 {[%clk 0:10:00]} Rc8 {[%clk 0:35:24]} 23. Rae1
{[%clk 0:07:40]} Rf8 {[%clk 0:32:31]} 24. b3 {[%clk 0:07:40]} Rf7
{[%clk 0:29:49]} 25. Re2 {[%clk 0:08:03]} Bh6 {[%clk 0:26:35]} 26. Qb2
{[%clk 0:07:02]} Bg7 {[%clk 0:26:23]} 27. Qd2 {[%clk 0:06:43]} Bh6
{[%clk 0:25:54]} 28. Qb2 {[%clk 0:06:44]} Bg7 {[%clk 0:25:46]} 29. Qd2
{[%clk 0:07:00]} Bh6 {[%clk 0:19:59]} 30. Qb2 {[%clk 0:07:20]} 1/2-1/2

[Event "Open Praha 2018 - A"]
[Site "?"]
[Date "2018.01.18"]
[Round "8"]
[White "Sivakumar, Ashvin"]
[Black "Druska, Juraj"]
[Result "0-1"]
[BlackElo "2435"]
[WhiteElo "2208"]
[LiveChessVersion "1.4.8"]

1. d4 {[%clk 1:30:57]} d6 {[%clk 1:29:23]} 2. c4 {[%clk 1:27:55]} e5
{[%clk 1:29:01]} 3. Nf3 {[%clk 1:21:40]} e4 {[%clk 1:28:45]} 4. Ng5
{[%clk 1:21:32]} f5 {[%clk 1:29:08]} 5. Nc3 {[%clk 1:20:06]} Be7 {[%clk 1:29:28]}
6. Nh3 {[%clk 1:19:15]} c6 {[%clk 1:29:53]} 7. e3 {[%clk 1:18:05]} Nf6
{[%clk 1:30:17]} 8. Nf4 {[%clk 1:14:55]} g5 {[%clk 1:22:00]} 9. Nh5
{[%clk 1:11:34]} O-O {[%clk 1:20:55]} 10. h4 {[%clk 1:03:00]} Nxh5
{[%clk 1:06:55]} 11. Qxh5 {[%clk 1:03:12]} gxh4 {[%clk 1:05:35]} 12. f3
{[%clk 1:02:47]} Qe8 {[%clk 0:59:37]} 13. Qxe8 {[%clk 0:58:21]} Rxe8
{[%clk 1:00:05]} 14. fxe4 {[%clk 0:58:40]} fxe4 {[%clk 0:57:23]} 15. Nxe4
{[%clk 0:55:55]} Bf5 {[%clk 0:57:47]} 16. Bd3 {[%clk 0:46:52]} d5
{[%clk 0:39:22]} 17. cxd5 {[%clk 0:31:27]} Bxe4 {[%clk 0:38:35]} 0-1

[Event "Open Praha 2018 - A"]
[Site "?"]
[Date "2018.01.18"]
[Round "8"]
[White "Monin, Nikolay"]
[Black "Popov, Mikhail"]
[Result "0-1"]
[BlackElo "2416"]
[WhiteElo "2193"]
[LiveChessVersion "1.4.8"]

1. Nf3 {[%clk 1:30:53]} Nf6 {[%clk 1:30:52]} 2. c4 {[%clk 1:31:13]} g6
{[%clk 1:31:19]} 3. Nc3 {[%clk 1:31:28]} Bg7 {[%clk 1:31:45]} 4. e4
{[%clk 1:31:38]} d6 {[%clk 1:32:12]} 5. d4 {[%clk 1:31:55]} O-O {[%clk 1:32:36]}
6. Be2 {[%clk 1:32:07]} c5 {[%clk 1:31:43]} 7. O-O {[%clk 1:31:32]} Nc6
{[%clk 1:32:02]} 8. d5 {[%clk 1:29:40]} Na5 {[%clk 1:32:18]} 9. Nd2
{[%clk 1:25:58]} e5 {[%clk 1:30:55]} 10. b3 {[%clk 1:13:21]} b6 {[%clk 1:26:33]}
11. Bb2 {[%clk 1:12:13]} Nd7 {[%clk 1:21:10]} 12. Qc2 {[%clk 1:10:02]} f5
{[%clk 1:18:34]} 13. exf5 {[%clk 1:04:29]} gxf5 {[%clk 1:18:53]} 14. f4
{[%clk 1:04:29]} exf4 {[%clk 1:09:23]} 15. Rxf4 {[%clk 1:04:06]} Ne5
{[%clk 1:09:20]} 16. Re1 {[%clk 0:56:51]} Bd7 {[%clk 1:05:31]} 17. Rff1
{[%clk 0:50:38]} Nb7 {[%clk 0:49:55]} 18. Bd3 {[%clk 0:33:03]} Qh4
{[%clk 0:47:45]} 19. Ne2 {[%clk 0:30:24]} Nxd3 {[%clk 0:44:30]} 0-1

[Event "Open Praha 2018 - B"]
[Site "Praha (CZE)"]
[Date "2018.01.17"]
[Round "7"]
[White "Marinc, Damir"]
[Black "Nemecek, Pavel"]
[Result "1/2-1/2"]
[WhiteElo "1964"]
[BlackElo "1846"]
[PlyCount "46"]
[EventDate "2018.01.12"]

1. d4 Nf6 2. c4 g6 3. Nc3 Bg7 4. e4 d6 5. Nge2 O-O 6. Ng3 Nc6 7. Be2 e5 8. d5
Nd4 9. Bd3 c5 10. dxc6 bxc6 11. h4 h5 12. Bg5 Rb8 13. b3 Qa5 14. Bd2 Qc7 15.
Qc1 Be6 16. Nge2 d5 17. c5 Nxe4 18. Bxe4 dxe4 19. Nxe4 Nxe2 20. Kxe2 Bd5 21. f3
f5 22. Nd6 e4 23. Bc3 exf3+ 1/2-1/2

[Event "Open Praha 2018 - B"]
[Site "Praha (CZE)"]
[Date "2018.01.17"]
[Round "7"]
[White "Kylar, Miroslav"]
[Black "Jaeger, Andre"]
[Result "1/2-1/2"]
[WhiteElo "1877"]
[BlackElo "1958"]
[PlyCount "30"]
[EventDate "2018.01.12"]

1. d4 Nf6 2. Nf3 g6 3. Bg5 Bg7 4. e3 h6 5. Bh4 d6 6. Bd3 g5 7. Bg3 Nh5 8. Nbd2
Nxg3 9. hxg3 e5 10. c3 Be6 11. Qa4+ c6 12. dxe5 dxe5 13. Qc2 Nd7 14. O-O-O Qe7
15. Bc4 O-O-O 1/2-1/2

[Event "Open Praha 2018 - B"]
[Site "Praha (CZE)"]
[Date "2018.01.17"]
[Round "7"]
[White "Janacek, Jaroslav"]
[Black "Lomakina, Anzhelika"]
[Result "1-0"]
[WhiteElo "2020"]
[BlackElo "1693"]
[PlyCount "85"]
[EventDate "2018.01.12"]

1. Nf3 d5 2. c4 d4 3. b4 Bf5 4. Bb2 c5 5. bxc5 Nc6 6. Qa4 Bd7 7. Qb3 e5 8. e3
Qf6 9. exd4 exd4 10. Nxd4 Bxc5 11. Nf3 Qe7+ 12. Be2 Nf6 13. Nc3 Na5 14. Qc2
Nxc4 15. O-O Nxb2 16. Qxb2 Rb8 17. Bb5 O-O 18. Bxd7 Qxd7 19. Rab1 a6 20. h3 b5
21. Rbd1 b4 22. Ne2 Qd3 23. Nf4 Qe4 24. Qe5 Qxe5 25. Nxe5 Rfe8 26. d4 Bd6 27.
Rfe1 Rbc8 28. g4 h6 29. Kg2 Rc2 30. Kf3 g5 31. Nfd3 Nd5 32. Rc1 Rec8 33. Rxc2
Rxc2 34. Ke4 Nc3+ 35. Kf5 Bxe5 36. Kxe5 a5 37. d5 Nxa2 38. d6 Rc8 39. d7 Rd8
40. Kd6 Kf8 41. Nc5 Nc3 42. Nb7 Nb5+ 43. Kc5 1-0

[Event "Open Praha 2018 - B"]
[Site "Praha (CZE)"]
[Date "2018.01.17"]
[Round "7"]
[White "Mach, Petr"]
[Black "Kronowetter, Borivoj"]
[Result "0-1"]
[WhiteElo "1636"]
[BlackElo "1882"]
[PlyCount "70"]
[EventDate "2018.01.12"]

1. Nf3 Nf6 2. g3 g6 3. Bg2 Bg7 4. O-O O-O 5. c4 c6 6. Nc3 d5 7. cxd5 cxd5 8. d4
Nc6 9. Ne5 Re8 10. e3 Nxe5 11. dxe5 Ng4 12. Bxd5 Nxe5 13. f4 e6 14. Bg2 Nc4 15.
Qe2 Qc7 16. Ne4 Bd7 17. Nd2 Nd6 18. a4 Rab8 19. Ra3 b5 20. Ne4 Nxe4 21. Bxe4
bxa4 22. Rd1 Bb5 23. Qc2 Qb6 24. Bd2 Rec8 25. Qb1 Bf8 26. b4 axb3 27. Rxb3 a5
28. Rc1 Rxc1+ 29. Qxc1 a4 30. Rc3 Rd8 31. Rc8 Rxc8 32. Qxc8 Qd6 33. Qc3 a3 34.
Bb1 Qd5 35. Qa5 Qc4 0-1

[Event "Open Praha 2018 - B"]
[Site "Praha (CZE)"]
[Date "2018.01.17"]
[Round "7"]
[White "Badik, Yaryna"]
[Black "Nigrin, Jiri"]
[Result "1-0"]
[WhiteElo "1812"]
[BlackElo "1685"]
[PlyCount "107"]
[EventDate "2018.01.12"]

1. e4 c5 2. Nf3 d6 3. Bb5+ Bd7 4. Bxd7+ Nxd7 5. d4 cxd4 6. Qxd4 Qb6 7. Nc3 Qxd4
8. Nxd4 a6 9. Be3 g6 10. O-O Bg7 11. f4 Ngf6 12. h3 O-O 13. Rad1 Rac8 14. Nf3
Nc5 15. e5 dxe5 16. Nxe5 Nfe4 17. Nd5 Rfe8 18. c3 Bxe5 19. fxe5 Kg7 20. Kh2 h6
21. Rd4 Ng5 22. Rg4 Nge6 23. Bxh6+ Kg8 24. Rg3 Nd7 25. Re1 Rc5 26. Rd3 Kh7 27.
Bc1 Kg7 28. b3 b5 29. Ba3 Rc6 30. Nxe7 Rc7 31. Bd6 Rb7 32. Nd5 Nd8 33. Nc7 Rg8
34. Nxa6 Ne6 35. Nb4 Re8 36. Nd5 Ra7 37. Rd2 Rea8 38. Ree2 Rc8 39. Bb4 Nb8 40.
Be7 Nd7 41. Bh4 g5 42. Bf2 Ra6 43. Nb4 Nec5 44. Bxc5 Nxc5 45. Nxa6 Nxa6 46. Rd6
Nc5 47. Rb6 Ne6 48. Rxb5 Rxc3 49. Rb7 Nf4 50. Rf2 Re3 51. h4 Kg6 52. hxg5 Kxg5
53. Rxf7 Re4 54. R7xf4 1-0

[Event "Open Praha 2018 - B"]
[Site "Praha (CZE)"]
[Date "2018.01.17"]
[Round "7"]
[White "Zeliantsova, Kseniya"]
[Black "Zlamana, Anna"]
[Result "0-1"]
[WhiteElo "1788"]
[BlackElo "1513"]
[PlyCount "56"]
[EventDate "2018.01.12"]

1. e4 e5 2. Nc3 Nf6 3. Bc4 Nxe4 4. Qh5 Nd6 5. Bb3 Be7 6. Qxe5 O-O 7. Nf3 Bf6 8.
Qf4 Re8+ 9. Ne2 Re4 10. Qg3 Qe8 11. Nfg1 Nf5 12. Qd3 Nc6 13. c3 b6 14. Bd5 Re5
15. f4 Ba6 16. Bxf7+ Qxf7 17. Qxa6 Re7 18. Qd3 Ree8 19. Kd1 Qg6 20. Qd5+ Kh8
21. b3 Nfd4 22. cxd4 Nxd4 23. Ba3 Qc2+ 24. Ke1 c5 25. Kf1 Nxe2 26. Nxe2 Bxa1
27. Ng3 Bd4 28. Ne4 Qd1# 0-1

[Event "Open Praha 2018 - B"]
[Site "Praha (CZE)"]
[Date "2018.01.17"]
[Round "7"]
[White "Badik, Maksym"]
[Black "Krobot, Jan"]
[Result "1-0"]
[WhiteElo "1928"]
[BlackElo "1677"]
[PlyCount "85"]
[EventDate "2018.01.12"]

1. e4 c5 2. Nf3 d6 3. d4 cxd4 4. Nxd4 Nf6 5. Nc3 a6 6. g3 e6 7. Bg2 Be7 8. O-O
O-O 9. Be3 Qc7 10. a4 Nc6 11. Nxc6 bxc6 12. a5 d5 13. Qe2 Bb4 14. Bb6 Qe7 15.
Na4 Nxe4 16. Bxe4 dxe4 17. Qxe4 Bb7 18. Rfd1 f5 19. Qd3 Qf6 20. Qd4 Qxd4 21.
Rxd4 c5 22. Bxc5 Bxc5 23. Nxc5 e5 24. Rd6 Bc8 25. Rad1 g6 26. b4 Kg7 27. Rc6 f4
28. Ne6+ Bxe6 29. Rxe6 Rf5 30. g4 Rg5 31. f3 Kf7 32. Rdd6 e4 33. Rxe4 Rb5 34.
Rxf4+ Ke7 35. Rc6 Rd8 36. Re4+ Kf7 37. c3 Rd1+ 38. Kf2 Rbd5 39. Rxa6 Rh1 40.
Rd4 Re5 41. Rd7+ Ke8 42. Rxh7 Re7 43. Ra8+ 1-0